| 000 | 00667nam a2200241 a 4500 | ||
|---|---|---|---|
| 001 | 0001-1255 | ||
| 003 | ELIB.Books | ||
| 008 | 150615 2010 eng | ||
| 020 | _a0834113619 | ||
| 035 | _a(ELIB.Books)0001-1410 | ||
| 092 |
_aF _bBol |
||
| 100 | _aBolton, Martha. | ||
| 245 |
_aIf You Can't Stand the Smoke, Get Out of My Kitchen _bA Humorous Look at Life, Church, and the Family |
||
| 260 |
_aMissouri _bBeacon Hill Press _c1990 |
||
| 300 |
_a119 _c21.5 Cm |
||
| 500 | _aC/o Moe Lwei | ||
| 650 | _aFiction | ||
| 856 |
_nKBTS: Library _uKBTS: Elib |
||
| 942 |
_2ddc _cBK |
||
| 990 | _a1 | ||
| 998 |
_cbat _e2015-06-15 |
||
| 999 |
_c11255 _d11255 |
||